La economía naranja (Registro nro. 297989)

Detalles MARC
000 -ENCABEZADO
Número de control [NR] 01254nam a2200301 a 4500
005 - FECHA Y HORA DE LA ÚLTIMA TRANSACCIÓN
control field 20180912142556.0
008 - DE LONGITUD FIJA DE DATOS DE ELEMENTOS - INFORMACIÓN GENERAL
Elementos de longitud fija [NR] 150820s2013 xxua gd m000 0 spa d
020 ## - NUMERO INTERNACIONAL NORMALIZADO PARA LIBROS [R]
Número Internacional Normalizado del libro [NR] 9789587586046
040 ## - FUENTE DE CATALOGACION [NR]
Agencia de catalogación original [NR] CO-BoUCM
Idioma de catalogación [NR] spa
Quien Cataloga David Avila (modificó)
Quien Clasifica David Avila
041 0# - CODIGO DE IDIOMA [R]
Código de idioma para texto/pista de sonido o título separado [R] Español
043 ## - CODIGO DE AREA GEOGRAFICA [NR]
Código de área geográfica [R] cl-----
-- cc-----
100 1# - ASIENTO PRINCIPAL--NOMBRE PERSONAL [NR]
Nombre personal [NR] Buitrago Restrepo, Felipe
ID Autoridad 66439
245 13 - MENCION DE TITULO [NR]
Título [NR] La economía naranja
Parte restante del título [NR] una oportunidad infinita
Mención de responsabilidad, etc. [NR] Felipe Buitrago Restrepo, Iván Duque Márquez.
260 ## - PUBLICACION, DISTRIBUCION, ETC. (PIE DE IMPRENTA) [R]
Lugar de publicación, distribución, etc. [R] Washington D.C. (Estados Unidos)
Nombre del editor, distribuidor, etc. [R] BID
Lugar de publicación, distribución, etc. [R] Bogotá (Colombia)
Fecha de publicación, distribución, etc. [R] Puntoaparte
300 ## - DESCRIPCION FISICA [R]
Extensión [R] 239 páginas
Otros detalles físicos [NR] ilustraciones
Dimensiones [R] 21 cm
504 ## - NOTA DE BIBLIOGRAFIA, ETC. [R]
Nota de bibliografía, etc. [NR] Incluye referencias bibliográficas
630 ## - ASIENTO SECUNDARIO DE MATERIA - TITULO UNIFORME [R]
Título uniforme [NR] Acción cultural
9 (RLIN) 93590
630 ## - ASIENTO SECUNDARIO DE MATERIA - TITULO UNIFORME [R]
Título uniforme [NR] Política cultural
9 (RLIN) 93591
650 #0 - ASIENTO SECUNDARIO DE MATERIA - TERMINO TEMATICO [R]
Término temático o nombre geográfico como elemento de entrada [NR] Industrias de servicios
Subdivisión general [R] Aspectos económicos
Subdivisión geográfica [R] América Latina
Fuente del encabezamiento o término [NR] LEMB
9 (RLIN) 70892
650 #0 - ASIENTO SECUNDARIO DE MATERIA - TERMINO TEMATICO [R]
Término temático o nombre geográfico como elemento de entrada [NR] Aptitud creadora
Subdivisión general [R] Aspectos económicos
Fuente del encabezamiento o término [NR] LEMB
9 (RLIN) 70893
650 #0 - ASIENTO SECUNDARIO DE MATERIA - TERMINO TEMATICO [R]
Término temático o nombre geográfico como elemento de entrada [NR] Aptitud creadora en los negocios
Fuente del encabezamiento o término [NR] LEMB
9 (RLIN) 9275
650 #0 - ASIENTO SECUNDARIO DE MATERIA - TERMINO TEMATICO [R]
Término temático o nombre geográfico como elemento de entrada [NR] Desarrollo económico
Subdivisión geográfica [R] América Latina
Fuente del encabezamiento o término [NR] LEMB
9 (RLIN) 37016
690 ## - ASUNTO AGREGADO LOCAL DE ENTRADA - TÉRMINO TEMÁTICO (OCLC, RLIN)
Acceso temático local Economía
9 (RLIN) 174
700 1# - ASIENTO SECUNDARIO - NOMBRE PERSONAL [R]
Nombre personal [NR] Duque Márquez, Iván
9 (RLIN) 70894
710 2# - ASIENTO SECUNDARIO - NOMBRE CORPORATIVO [R]
Nombre corporativo o de jurisdicción como elemento de entrada [NR] Inter-American Development Bank.
Unidad subordinada [R] Office of External Relations
9 (RLIN) 70895
942 ## - ELEMENTOS DE ENTRADA AGREGADOS (KOHA)
Sistema de clasificación LOCAL
Tema principal Economía
Tipo de ítem principal el descrito en 300a Libro
Edición 1
Clasificación 338.761
Parte restante de la signatura top. B932e
Existencias
Fecha de último préstamo Total préstamos Total Renewals Signatura topográfica Código de barras Última vez visto Ejemplar Costo de reposición Price effective from Tipo de ítem Perdido Sistema de clasificación Dañado No prestable Tipo de ítem específico Suprimido Ubicación habitual Ubicación actual Localización Fecha de creación Proveedor Forma de adquisición Costo
21/06/2021 15 13 338.761 B932 100144534 03/12/2025 Ej.1 26000.00 01/12/2014 Libro   DEWEY     Libro   Claustro Claustro Mezanine 01/12/2014 12 Donación 0.00